[Event "IND-ch (Women) 37th"]
[Site "Bhubaneswar"]
[Date "2011.01.05"]
[Round "11"]
[White "Rathore, Sonakshi"]
[Black "Preethi, Rajkumar"]
[Result "0-1"]
[WhiteElo "1971"]
[BlackElo "2073"]
[PlyCount "80"]
[EventDate "2010.12.25"]
[EventType "swiss"]
[EventRounds "11"]
[EventCountry "IND"]
[SourceTitle "CBM 140 Extra"]
[Source "ChessBase"]
[SourceDate "2011.03.01"]
[SourceVersion "1"]
[SourceVersionDate "2011.03.01"]
[SourceQuality "1"]

1. e4 c5 2. c3 Nf6 3. e5 Nd5 4. Nf3 Nc6 5. d4 cxd4 6. cxd4 e6 7. Bc4 d6 8. 0-0 Be7 9. Qe2 0-0 10. Nc3 Nxc3 11. bxc3 dxe5 12. dxe5 Qc7 13. Qe4 Rd8 14. Re1 Bd7 15. Bd3 g6 16. Bg5 Be8 17. Bxe7 Qxe7 18. h4 Qc5 19. Rac1 Qd5 20. Bc2 Qxe4 21. Rxe4 Rac8 22. Bb3 Na5 23. Nd4 Rc5 24. f4 Rdc8 25. Re3 b5 26. a3 Rd8 27. Rf1 Rdc8 28. Rff3 Bc6 29. Rh3 Bd5 30. Bxd5 Rxd5 31. g4 Nc4 32. Re1 Nxa3 33. f5 b4 34. fxe6 bxc3 35. exf7+ Kxf7 36. e6+ Ke7 37. Rd3 Nc2 38. Rb1 Nxd4 39. Rb7+ Kxe6 40. Re3+ Re5 0-1

[Event "IND-ch U19 Girls 25th"]
[Site "Puri"]
[Date "2010.10.02"]
[Round "2"]
[White "Padmini, Rout"]
[Black "Rathore, Sonakshi"]
[Result "1-0"]
[WhiteElo "2326"]
[BlackElo "1947"]
[PlyCount "63"]
[EventDate "2010.10.01"]
[EventType "tourn"]
[EventRounds "11"]
[EventCountry "IND"]
[SourceTitle "CBM 138 Extra"]
[Source "ChessBase"]
[SourceDate "2010.10.29"]
[SourceVersion "1"]
[SourceVersionDate "2010.10.29"]
[SourceQuality "1"]

1. e4 d5 2. exd5 Qxd5 3. Nc3 Qa5 4. d4 Nf6 5. Nf3 Bf5 6. Bc4 c6 7. Bd2 e6 8. Nd5 Qd8 9. Ne3 Be4 10. Qe2 Nbd7 11. c3 Nb6 12. Bd3 Bxd3 13. Qxd3 Qc7 14. 0-0 0-0-0 15. b4 Nbd5 16. Nc4 h6 17. a4 g5 18. b5 Nh5 19. g3 g4 20. Nfe5 f6 21. Qg6 fxe5 22. Qxh5 Nf6 23. Qxe5 Qxe5 24. Nxe5 Rh7 25. bxc6 Bd6 26. Rae1 bxc6 27. f3 Bxe5 28. Rxe5 gxf3 29. Rxf3 Ng4 30. Rxe6 Kd7 31. Rg6 h5 32. h3 1-0

[Event "IND-ch U15 Girls"]
[Site "New Delhi"]
[Date "2010.09.08"]
[Round "7"]
[White "Rathore, Sonakshi"]
[Black "Lasya, Goli"]
[Result "1-0"]
[WhiteElo "1947"]
[BlackElo "1883"]
[PlyCount "61"]
[EventDate "2010.09.04"]
[EventType "swiss"]
[EventRounds "11"]
[EventCountry "IND"]
[SourceTitle "CBM 138 Extra"]
[Source "ChessBase"]
[SourceDate "2010.10.29"]
[SourceVersion "1"]
[SourceVersionDate "2010.10.29"]
[SourceQuality "1"]

1. e4 c5 2. c3 Nf6 3. e5 Nd5 4. Nf3 Nc6 5. d4 cxd4 6. cxd4 d6 7. Bc4 Nb6 8. Bb5 dxe5 9. Nxe5 Bd7 10. Nxd7 Qxd7 11. Nc3 e6 12. 0-0 Be7 13. Qg4 0-0 14. Bxc6 bxc6 15. Bh6 Bf6 16. Rfd1 Qe7 17. Ne4 Rfd8 18. Rac1 Rac8 19. Rc3 Kh8 20. Nxf6 Qxf6 21. Bc1 Rd5 22. h4 Qg6 23. Qe2 Qh5 24. g4 Qxh4 25. Kg2 f5 26. Rg3 Qd8 27. Rh1 Rxd4 28. Rxh7+ Kxh7 29. Rh3+ Kg6 30. Qxe6+ Qf6 31. gxf5# 1-0

[Event "IND-ch U15"]
[Site "Mumbai"]
[Date "2009.11.09"]
[Round "11"]
[White "Soumya, Shrivastava"]
[Black "Rathore, Sonakshi"]
[Result "1/2-1/2"]
[WhiteElo "1765"]
[BlackElo "1960"]
[PlyCount "94"]
[EventDate "2009.11.01"]
[EventType "swiss"]
[EventRounds "11"]
[EventCountry "IND"]
[SourceTitle "EXT 2011"]
[Source "ChessBase"]
[SourceDate "2010.11.26"]
[SourceVersion "1"]
[SourceVersionDate "2010.11.26"]
[SourceQuality "1"]

1. e4 d5 2. exd5 Qxd5 3. Nc3 Qa5 4. Bc4 c6 5. d3 Bf5 6. Bd2 e6 7. Qe2 Nd7 8. h3 Qc7 9. Nf3 0-0-0 10. 0-0-0 Ngf6 11. Rde1 Nb6 12. Bb3 Nfd5 13. Nxd5 Nxd5 14. Ne5 Bc5 15. Nc4 Rhe8 16. Qf3 h6 17. Ne3 Bg6 18. Nc4 Re7 19. Ne5 Bf5 20. Nc4 Bh7 21. Re2 Kb8 22. g3 Ka8 23. Ne3 Bd4 24. Nc4 Rde8 25. Be3 Bxe3+ 26. Nxe3 Nf6 27. Ng4 Nd7 28. Qe3 e5 29. Qd2 Nc5 30. Qc3 Qd6 31. Ne3 Nxb3+ 32. axb3 Qd4 33. Nd1 Qd5 34. Rhe1 Qd6 35. Ne3 Qc7 36. Nc4 f6 37. Nd2 b6 38. Qc4 Bg8 39. Qc3 Be6 40. h4 Bd5 41. Re3 Qb7 42. Nc4 Qc7 43. Nd2 Re6 44. Kb1 R6e7 45. Kc1 Qb7 46. Nc4 Qc7 47. Nd2 Qb7 1/2-1/2

[Event "IND-ch U15"]
[Site "Mumbai"]
[Date "2009.11.05"]
[Round "6"]
[White "Rathore, Sonakshi"]
[Black "Nisha, N Patkar"]
[Result "0-1"]
[WhiteElo "1960"]
[BlackElo "1765"]
[PlyCount "78"]
[EventDate "2009.11.01"]
[EventType "swiss"]
[EventRounds "11"]
[EventCountry "IND"]
[SourceTitle "EXT 2011"]
[Source "ChessBase"]
[SourceDate "2010.11.26"]
[SourceVersion "1"]
[SourceVersionDate "2010.11.26"]
[SourceQuality "1"]

1. e4 e5 2. Nf3 Nf6 3. Nxe5 d6 4. Nf3 Nxe4 5. d4 d5 6. Bd3 Be7 7. 0-0 Nc6 8. c4 Nb4 9. Be2 0-0 10. Nc3 Bf5 11. a3 Nxc3 12. bxc3 Nc6 13. cxd5 Qxd5 14. Bd3 Bg4 15. Be2 Bf6 16. Bf4 Rac8 17. Rb1 a6 18. Qd2 Nd8 19. Rfe1 c5 20. c4 Qc6 21. d5 Qd7 22. Ne5 Bxe5 23. Bxg4 Bxf4 24. Qxf4 f5 25. Bf3 Nf7 26. Re6 Rce8 27. Qe3 b5 28. Re1 Nd6 29. Qxc5 bxc4 30. Rd1 Rf6 31. Qd4 Rff8 32. Rde1 Kh8 33. Bh5 Rxe6 34. dxe6 Qe7 35. Qe5 Ne4 36. Rd1 c3 37. f3 c2 38. Re1 Qa7+ 39. Kf1 Qf2# 0-1

[Event "IND-ch U15"]
[Site "Mumbai"]
[Date "2009.11.04"]
[Round "5"]
[White "Krishna, Anjana S"]
[Black "Rathore, Sonakshi"]
[Result "1/2-1/2"]
[WhiteElo "1908"]
[BlackElo "1960"]
[PlyCount "184"]
[EventDate "2009.11.01"]
[EventType "swiss"]
[EventRounds "11"]
[EventCountry "IND"]
[SourceTitle "EXT 2011"]
[Source "ChessBase"]
[SourceDate "2010.11.26"]
[SourceVersion "1"]
[SourceVersionDate "2010.11.26"]
[SourceQuality "1"]

1. e4 d5 2. exd5 Qxd5 3. Nc3 Qa5 4. d4 c6 5. Nf3 Nf6 6. Bc4 Bf5 7. Bd2 e6 8. Nd5 Qd8 9. Nxf6+ gxf6 10. Qe2 Bxc2 11. 0-0 Nd7 12. Bc3 Bg6 13. d5 cxd5 14. Bxd5 Rb8 15. Rad1 Bc5 16. Rfe1 0-0 17. Bb3 b5 18. Bxf6 Qxf6 19. Rxd7 Bh5 20. Qe5 Qxe5 21. Rxe5 Bxf3 22. Rxc5 Be2 23. Rxa7 Rbd8 24. h3 Rd2 25. Rcc7 Rxb2 26. Bxe6 Bh5 27. Bb3 Rb1+ 28. Kh2 Rb2 29. Rc5 Bg6 30. Kg3 Rd8 31. Rc3 Bh5 32. Kh4 Bg6 33. Rf3 Rf8 34. Rf4 Re2 35. Ra5 Re5 36. g4 Rfe8 37. Ra7 R5e7 38. Ra6 Re5 39. Rd6 Re2 40. Rd5 R2e5 41. Rd6 Re2 42. Kg3 Kg7 43. h4 h5 44. gxh5 Bxh5 45. Rd5 R2e5 46. Rf5 Rxd5 47. Rxd5 Be2 48. Rg5+ Kf6 49. Kf4 Bd3 50. f3 Rd8 51. Rc5 Rh8 52. h5 Kg7 53. Kg4 f5+ 54. Kg5 Be2 55. Rxf5 Bc4 56. Bxc4 bxc4 57. Rc5 Ra8 58. Rc7+ Kh8 59. Rxc4 Ra5+ 60. Kg4 Rxa2 61. Rc7 Rg2+ 62. Kf5 Rg1 63. f4 Kg8 64. Kf6 Rg2 65. Rc5 Kh7 66. Rg5 Rf2 67. Kf5 Kh6 68. Rg3 Rh2 69. Rg6+ Kh7 70. h6 Rh5+ 71. Kf6 Ra5 72. f5 Ra1 73. Ke5 Re1+ 74. Kf6 Ra1 75. Rg2 Ra6+ 76. Kg5 Rxh6 77. Rb2 Ra6 78. Rb7+ Kg8 79. Rc7 Rb6 80. Rc5 Kg7 81. Re5 Rb7 82. Re6 Ra7 83. Rg6+ Kh7 84. Rh6+ Kg7 85. f6+ Kg8 86. Rh3 Ra1 87. Re3 Rg1+ 88. Kf5 Kf7 89. Re7+ Kf8 90. Re4 Kf7 91. Ke5 Rg5+ 92. Kd6 Kxf6 1/2-1/2

[Event "IND-ch U17 Girls 20th"]
[Site "Chakradharpur"]
[Date "2009.10.11"]
[Round "7"]
[White "Mohana, Priya J"]
[Black "Rathore, Sonakshi"]
[Result "1/2-1/2"]
[WhiteElo "2037"]
[BlackElo "1952"]
[PlyCount "94"]
[EventDate "2009.10.07"]
[EventType "swiss"]
[EventRounds "11"]
[EventCountry "IND"]
[SourceTitle "CBM 132 Extra"]
[Source "ChessBase"]
[SourceDate "2009.11.03"]
[SourceVersion "1"]
[SourceVersionDate "2009.11.03"]
[SourceQuality "1"]

1. d4 d5 2. c4 dxc4 3. Nf3 Nf6 4. e3 e6 5. Bxc4 c5 6. 0-0 a6 7. dxc5 Qxd1 8. Rxd1 Bxc5 9. b3 0-0 10. Nbd2 b6 11. Bb2 Nbd7 12. Rac1 Bb7 13. Be2 Rac8 14. Nc4 Bd5 15. Nce5 Nxe5 16. Nxe5 b5 17. Nd3 Be7 18. f3 Rfd8 19. e4 Bb7 20. a4 bxa4 21. bxa4 Rxc1 22. Rxc1 Rc8 23. Rxc8+ Bxc8 24. Ne5 Bc5+ 25. Kf1 Nd7 26. Bc4 Bd6 27. Nxd7 Bxd7 28. e5 Bc5 29. Bb3 Kf8 30. Ke2 Ke8 31. Kd3 Bc6 32. Bd4 Bb4 33. Kc4 a5 34. Bc2 g6 35. Bc5 Bd2 36. Bd6 Kd7 37. Bd1 Kc8 38. Kd3 Be1 39. g4 Kd7 40. f4 Bf2 41. Ke2 Bg1 42. h4 Bh2 43. Ke3 Bg1+ 44. Ke2 Bh2 45. Ke3 Bg1+ 46. Kd3 Bh2 47. Ke3 Bg1+ 1/2-1/2

[Event "IND-ch U17 Girls 20th"]
[Site "Chakradharpur"]
[Date "2009.10.10"]
[Round "6"]
[White "Rathore, Sonakshi"]
[Black "Saranya, J."]
[Result "0-1"]
[WhiteElo "1952"]
[BlackElo "2132"]
[PlyCount "108"]
[EventDate "2009.10.07"]
[EventType "swiss"]
[EventRounds "11"]
[EventCountry "IND"]
[SourceTitle "CBM 132 Extra"]
[Source "ChessBase"]
[SourceDate "2009.11.03"]
[SourceVersion "1"]
[SourceVersionDate "2009.11.03"]
[SourceQuality "1"]

1. e4 c5 2. c3 d6 3. d4 Nf6 4. Bd3 Nc6 5. Nf3 g6 6. h3 Bg7 7. 0-0 0-0 8. Be3 Nd7 9. Qd2 e5 10. dxe5 Ndxe5 11. Nxe5 Nxe5 12. Be2 Qe7 13. Na3 b6 14. Rad1 Rd8 15. f4 Nc6 16. Bf3 Bb7 17. Bf2 Bh6 18. b3 Ne5 19. Rfe1 Nxf3+ 20. gxf3 Qf6 21. Bg3 Kh8 22. c4 g5 23. fxg5 Bxg5 24. Qf2 Bf4 25. Bxf4 Qxf4 26. Kh1 Rg8 27. Rg1 f6 28. Qe2 Rad8 29. Rg4 Qh6 30. Qh2 Bc8 31. Rxg8+ Rxg8 32. h4 Qe3 33. Rf1 Qd3 34. Qf2 Rg6 35. Rg1 a6 36. Rxg6 hxg6 37. Kg2 Kh7 38. Qc2 Qe3 39. Nb1 Qe1 40. Qd3 Qxh4 41. Qxd6 Bh3+ 42. Kh2 Bg4+ 43. Kg2 Qh3+ 44. Kg1 Bxf3 45. Qe7+ Kh6 46. Kf2 Qg2+ 47. Ke3 Kg5 48. Nc3 Bg4 49. e5 Qg3+ 50. Kd2 Qf4+ 51. Kc2 Bf5+ 52. Kd1 Qd4+ 53. Ke2 Qxc3 54. Qxf6+ Kg4 0-1

[Event "IND Challenger (Women)"]
[Site "Nagpur"]
[Date "2009.09.12"]
[Round "8"]
[White "Nimmy, A George"]
[Black "Rathore, Sonakshi"]
[Result "1-0"]
[WhiteElo "2251"]
[BlackElo "1952"]
[PlyCount "69"]
[EventDate "2009.09.07"]
[EventType "swiss"]
[EventRounds "11"]
[EventCountry "IND"]
[SourceTitle "CBM 132 Extra"]
[Source "ChessBase"]
[SourceDate "2009.11.03"]
[SourceVersion "1"]
[SourceVersionDate "2009.11.03"]
[SourceQuality "1"]

1. e4 d5 2. exd5 Qxd5 3. Nc3 Qa5 4. d4 c6 5. Nf3 Nf6 6. Bc4 Bf5 7. Bd2 e6 8. Nd5 Qd8 9. Nxf6+ gxf6 10. Bb3 Nd7 11. Qe2 Qc7 12. Nh4 Bg6 13. 0-0-0 0-0-0 14. Kb1 Bd6 15. g3 Kb8 16. f4 f5 17. c4 Rhe8 18. Bc3 Nf6 19. c5 Bf8 20. Nxg6 hxg6 21. d5 exd5 22. Be5 Rxe5 23. fxe5 Ne4 24. Bc2 Qxe5 25. Rhe1 Bxc5 26. g4 Bb4 27. Bxe4 Bxe1 28. gxf5 gxf5 29. Bd3 Qxe2 30. Bxe2 Re8 31. Rxe1 f4 32. Kc2 f3 33. Kd2 Rxe2+ 34. Rxe2 fxe2 35. h4 1-0

[Event "Commonwealth-ch"]
[Site "Nagpur"]
[Date "2008.10.03"]
[Round "7"]
[White "Rathore, Sonakshi"]
[Black "Ghosh, Diptayan"]
[Result "1/2-1/2"]
[WhiteElo "1838"]
[BlackElo "2028"]
[PlyCount "68"]
[EventDate "2008.09.28"]
[EventType "swiss"]
[EventRounds "11"]
[EventCountry "IND"]
[SourceTitle "CBM 126 Extra"]
[Source "ChessBase"]
[SourceDate "2008.11.05"]
[SourceVersion "1"]
[SourceVersionDate "2008.11.05"]
[SourceQuality "1"]

1. e4 e5 2. Nf3 Nc6 3. Bb5 a6 4. Bxc6 dxc6 5. 0-0 Bg4 6. h3 Bxf3 7. Qxf3 Qd7 8. d3 0-0-0 9. Nd2 f6 10. Nc4 h5 11. Bd2 g5 12. Ne3 Bc5 13. Qf5 Qxf5 14. Nxf5 Ne7 15. Nxe7+ Bxe7 16. Be3 c5 17. Rad1 Kd7 18. Rfe1 Ke6 19. Re2 Rd7 20. Red2 Rhd8 21. Kf1 b6 22. Ke2 Bf8 23. f3 Rg7 24. Rh1 Be7 25. Ke1 b5 26. g3 Rh8 27. Rg2 h4 28. f4 Rd8 29. Rd2 Bd6 30. Ke2 Rgd7 31. Rhd1 Bf8 32. Kf2 Be7 33. Ke2 Bf8 34. Kf2 Be7 1/2-1/2

[Event "Commonwealth-ch"]
[Site "Nagpur"]
[Date "2008.10.01"]
[Round "5"]
[White "Rathore, Sonakshi"]
[Black "Viani, Antonio Dcunha"]
[Result "1-0"]
[WhiteElo "1838"]
[BlackElo "2114"]
[PlyCount "81"]
[EventDate "2008.09.28"]
[EventType "swiss"]
[EventRounds "11"]
[EventCountry "IND"]
[SourceTitle "CBM 126 Extra"]
[Source "ChessBase"]
[SourceDate "2008.11.05"]
[SourceVersion "1"]
[SourceVersionDate "2008.11.05"]
[SourceQuality "1"]

1. e4 c5 2. c3 Nf6 3. e5 Nd5 4. Nf3 Nc6 5. d4 cxd4 6. cxd4 d6 7. Bc4 Nb6 8. Bb5 Bd7 9. Nc3 e6 10. 0-0 dxe5 11. dxe5 Qc7 12. Qe2 Be7 13. Bf4 a6 14. Bd3 Nb4 15. Be4 h6 16. Rac1 Nc6 17. Bb1 g5 18. Be3 Nc8 19. h3 Qb8 20. Rfd1 Nxe5 21. Nxe5 Qxe5 22. Qd2 Bd6 23. g3 Qa5 24. b4 Qxb4 25. Bd4 Rf8 26. Be5 Ke7 27. Bxd6+ Qxd6 28. Qe3 Qb8 29. Ne4 Kd8 30. Nf6 Nd6 31. Qa3 Ke7 32. Ne4 b5 33. Rxd6 b4 34. Qb2 f6 35. Rcd1 Ba4 36. Bc2 Qb5 37. Bxa4 Qxa4 38. Nc5 Qa3 39. Rd7+ Ke8 40. Nxe6 Rf7 41. Qd4 1-0